01239pam a2200301 i 45000010008000000030009000080050017000170080041000340200022000750400043000970820021001401000064001612450088002252640051003132640010003643000045003743360026004193370028004453380027004735000071005005040052005716500039006236550017006628560088006799420012007679990017007799520141007963769357EG-ScBUE20250526092926.0831014t1984 nyua f b 001 0 eng d a0486646769 (pbk.) aEG-ScBUEbengerdacEG-ScBUEdEG-ScBUE04a530.155222bWAL1 aWallace, Philip R.q(Philip Russell),d1915-96574eauthor.10aMathematical analysis of physical problems /cPhilip R. Wallace, McGill University. 1aNew York : bDover Publications, INC.,c[1984] 4cc1984 axix, 616 pages :billustrations ;c22 cm 2rdacontentatextbtxt aunmediated2rdamediabn avolumebnc2rdacarrier aOriginally published: New York : Holt, Rinehart and Winston, 1972. aIncludes bibliographical references and index.  7aMathematical physics.965752BUEsh vReading book423Publisher descriptionuhttp://www.loc.gov/catdir/description/dover031/83020640.html 2ddccBB c11931d11931 00102ddc40708Alef-BaaaMAINbMAINc1STd2009-06-22epurchaseg150.00l0o530.155 WALp000017013r2025-07-15 00:00:00w2009-06-22yBB